Datum a čas kvízu

43.5 Celkem bodů Celkový počet nahraných bodů na tomto kvízu bez doplňovacích otázek.
1. Pořadí na kvízu Konečné umístění týmu na tomto kvízu.

Zaznamenané odpovědi

# Otázka Odpověď Body Výsledky
1. Minulý týden byl jistý 37letý... Mikuláš Ferjenčík, Jiří Strach 1
2. Jeden turista zveřejnil video... v Číně 1
3. Ve čtvrtek měl v českých kinec... Mizerové: Na život a na smrt 0.5
4. Společnost Tatra před několika... Phoenix 1
5. Fotbalové EURO se blíží. Hrají... Island 0
6. Dostanete vždy pět indicií, kt... Anna Kareninová/Karenina 1
7. Irsko – Homér – Bloom – jeden... Odysseus 1
8. Nashville – Felis – žár – Puli... Kočka na rozpálené plechové střeše 1
9. Roman – okupace – Tibet – Lakm... Spalovač mrtvol 1
10. Karviná – kronika – sv. Petr... Šikmý kostel 1